The cosmic mind-boggling book / (Record no. 127596)

MARC details
000 -LEADER
fixed length control field 00715nam a22002297a 4500
005 - DATE AND TIME OF LATEST TRANSACTION
control field 20170124110027.0
010 ## - LIBRARY OF CONGRESS CONTROL NUMBER
LC control number A-258276
020 ## - INTERNATIONAL STANDARD BOOK NUMBER
International Standard Book Number 0340334290
Terms of availability 00.00
035 ## - SYSTEM CONTROL NUMBER
System control number A-258276
037 ## - SOURCE OF ACQUISITION
Source of stock number/acquisition Cen Lib/Ret
040 ## - CATALOGING SOURCE
Original cataloging agency DPL
Language of cataloging EN
082 ## - DEWEY DECIMAL CLASSIFICATION NUMBER
Classification number 523.1
Item number MCA
100 ## - MAIN ENTRY--PERSONAL NAME
Personal name Mcaleer, Neil
9 (RLIN) 20965
245 ## - TITLE STATEMENT
Title The cosmic mind-boggling book /
Statement of responsibility, etc by Neil Mcaleer
260 ## - PUBLICATION, DISTRIBUTION, ETC. (IMPRINT)
Place of publication, distribution, etc London
Name of publisher, distributor, etc Hodder and Stoughton
Date of publication, distribution, etc 1982
270 ## - ADDRESS
Address Mill Raod, Dunton Green, Sevenoaks, Kent
City London
300 ## - PHYSICAL DESCRIPTION
Extent xv,207p. :
Dimensions 20cm(Hb)
Other physical details ill.
500 ## - GENERAL NOTE
General note Includes bibliographical references and index.
650 ## - SUBJECT ADDED ENTRY--TOPICAL TERM
Topical term or geographic name as entry element Astronomy -- Popular works
9 (RLIN) 40391
650 ## - SUBJECT ADDED ENTRY--TOPICAL TERM
Topical term or geographic name as entry element Astronomy
9 (RLIN) 72284
942 ## - ADDED ENTRY ELEMENTS (KOHA)
Source of classification or shelving scheme Dewey Decimal Classification
Koha item type English Books
Classification part 523.1
Call number suffix MCA
Holdings
Withdrawn status Lost status Damaged status Not for loan Home library Current library Date acquired Source of acquisition Cost, normal purchase price Total Checkouts Full call number Barcode Date last seen Date checked out Copy number Cost, replacement price Price effective from Koha item type
        Central Library Central Library 30/06/2015 Cen Lib/Ret 0.00 3 523.1 MCA A-258276 07/01/2022 22/12/2021 1 0.00 30/06/2015 English Books

© Delhi Public Library
Hit Counter
free hit counter